PRINCIPLES OF PLANT PATHOLOGY (Record no. 15772)

MARC details
000 -LEADER
fixed length control field 00316nam a22001457a 4500
003 - CONTROL NUMBER IDENTIFIER
control field SGT
020 ## - INTERNATIONAL STANDARD BOOK NUMBER
International Standard Book Number 9788123901985
082 ## - DEWEY DECIMAL CLASSIFICATION NUMBER
Item number VID
100 ## - MAIN ENTRY--PERSONAL NAME
Personal name VIDHYASEKARAN P.
245 ## - TITLE STATEMENT
Title PRINCIPLES OF PLANT PATHOLOGY
260 ## - PUBLICATION, DISTRIBUTION, ETC. (IMPRINT)
Name of publisher, distributor, etc CBS.PUB
Year of Publication 2017
300 ## - PAGE DESCRIPTION
No. of Pages 166
650 ## - SUBJECT ADDED ENTRY--TOPICAL TERM
Topical term or geographic name as entry element AGRICULTURE SCIENCE
942 ## - ADDED ENTRY ELEMENTS (KOHA)
Source of classification or shelving scheme Dewey Decimal Classification
Koha item type Books
942 ## - ADDED ENTRY ELEMENTS (KOHA)
-- 25
Holdings
Withdrawn status Lost status Source of classification or shelving scheme Damaged status Not for loan Collection code Home library Current library Shelving location Date acquired Cost, normal purchase price SGTU Bill Number Total Checkouts Full call number Accession No. (Barcode) Date last seen Date last borrowed Bill Date Koha item type Total Renewals
    Dewey Decimal Classification     SCIENCE SGT Science & Social Sciences Library SGT Science & Social Sciences Library Text Book 07/08/2018 270.00 SGTU 9842 16 VID AG1024 06/03/2024 26/02/2024 07/08/2018 Books  
    Dewey Decimal Classification     SCIENCE SGT Science & Social Sciences Library SGT Science & Social Sciences Library Text Book 07/08/2018 270.00 SGTU 9842 12 VID AG1025 31/05/2023 22/05/2023 07/08/2018 Books  
    Dewey Decimal Classification     SCIENCE SGT Science & Social Sciences Library SGT Science & Social Sciences Library Text Book 07/08/2018 270.00 SGTU 9842 18 VID AG1026 21/07/2022 08/07/2022 07/08/2018 Books 1
    Dewey Decimal Classification     SCIENCE SGT Science & Social Sciences Library SGT Science & Social Sciences Library Text Book 07/08/2018 270.00 SGTU 9842 14 VID AG1027 20/10/2021 08/10/2021 07/08/2018 Books 1
    Dewey Decimal Classification     SCIENCE SGT Science & Social Sciences Library SGT Science & Social Sciences Library Text Book 07/08/2018 270.00 SGTU 9842 19 VID AG1028 01/06/2023 22/05/2023 07/08/2018 Books  
    Dewey Decimal Classification     SCIENCE SGT Science & Social Sciences Library SGT Science & Social Sciences Library Text Book 07/08/2018 270.00 SGTU 9842 15 VID AG1029 22/05/2023 22/05/2023 07/08/2018 Books  
    Dewey Decimal Classification     SCIENCE SGT Science & Social Sciences Library SGT Science & Social Sciences Library Text Book 07/08/2018 270.00 SGTU 9842 17 VID AG1030 29/11/2021 09/11/2021 07/08/2018 Books 1